000 00622nam a22002177a 4500
003 UA-OsUOA
001 49580
007 ta
008 20071010b un ||||| |||| 00| 0 ukr d
100 _aЗайко Мирослава
090 _a92
_bЗ-11
942 _cSA
040 _aUA-OsUOA
_bukr
_cUA-OsUOA
_dUA-OsUOA
245 _aПросвітницька місія української співачки (Соломія Крушельницька)
300 _aС.14-15
955 _a0
041 _aukr
080 _a92
773 0 _w49577
650 7 _a9 Географія. Біографії. Історія
_2UDC
999 _c335683
_d335683